00820nam a2200229 a 4500001000900000005001700009008004100026020001500067040001800082050002300100245006800123260005300191300004200244504003200286650003300318650003300351650005400384651005200438651004900490651002900539700002200568BRCA_83120190320203153.0920817s1989 mx-a---##b---#000-0#spa-# a9683903363 aDLCcDLCdDLC 4aF1219.1b.O74 198910aOrfebrería prehispánicacCarlos H. Aguilar P. ... [et al.]. aMéxicobCorporación Industrial Sanluisc1989 a328 p.bil. (algunas a color)c28 cm. aBibliografía : p. 309-32714aIndígena orfebrezMéxico14aIndígena orfebrezMéxico14aIndígenas de MéxicoxAntigüedadeszMéxico 4aMichoacán de OcampoxAntigüedadeszMéxico 4aOaxaca de JuárezxAntigüedadeszMéxico 4aMéxicoxAntigüedades1 aAguilar, Carlos H